Top 5 best Indian Chess players - Statistics

General Stats
  • This quiz has been taken 6 times
  • The average score is 4 of 5
Answer Stats
FIDE elo Global Rank Player % Correct
2767 6 Gukesh Dommaraju
100%
2743 14 Viswanathan Anand
100%
2771 5 Arjun Erigaisi
83%
2785 4 Praggnanandhaa Rameshbabu
83%
2712 25 Vidit Gujrathi
50%
No matching quizzes found
Score Distribution
Percent of People with Each Score
Percentile by Number Answered
Your Score History
You have not taken this quiz